000 00389nam a2200181Ia 4500
005 20240823060710.0
008 240823s9999||||xx |||||||||||||| ||und||
041 _aENGLISH
082 _A823.92 Q2
100 _aJames E L
245 0 _aFifty Shades Freed
250 _a1st
260 _c2012
_bArrow
500 _aYES
650 _aNovel
_bEnglish
942 _cBK
999 _c231759
_d231759